Organic chemistry (Record no. 8351)
[ view plain ]
| 000 -LEADER | |
|---|---|
| fixed length control field | 00892cam a2200301 4500 |
| 001 - CONTROL NUMBER | |
| JCCL Control Number | 8351 |
| 003 - CONTROL NUMBER IDENTIFIER | |
| JCCL marc code | BD - JhCC |
| 005 - DATE AND TIME OF LATEST TRANSACTION | |
| control field | 20220803134023.0 |
| 008 - FIXED-LENGTH DATA ELEMENTS--GENERAL INFORMATION | |
| fixed length control field | 730712s1973 maua b 001 0 eng |
| 035 ## - SYSTEM CONTROL NUMBER | |
| system control number | (BD - JhCC)8351 |
| 035 ## - SYSTEM CONTROL NUMBER | |
| system control number | (OCoLC)00644748 |
| 035 ## - SYSTEM CONTROL NUMBER | |
| system control number | GLIS00005302 |
| 040 ## - CATALOGING SOURCE | |
| Original cataloging agency | DLC |
| Transcribing agency | DLC |
| Modifying agency | MQM |
| -- | MYG |
| -- | BD - JhCC |
| 041 ## - LANGUAGE CODE | |
| Language code of Book | eng |
| 082 ## - DEWEY DECIMAL CLASSIFICATION NUMBER | |
| Author mark and Year | MOR 1973 |
| Classification number | 547 |
| 090 ## - LOCALLY ASSIGNED LC-TYPE CALL NUMBER (OCLC); LOCAL CALL NUMBER (OCLC) | |
| Classification number (OCLC) (R) ; Classification number, CALL (RLIN) (NR) | QD251.2 |
| Local cutter number (OCLC) ; Book number/undivided call number, CALL (RLIN) | .M881 1973 |
| 099 ## - LOCAL FREE-TEXT CALL NUMBER | |
| Classification number | QD251.2.M881 1973 |
| 100 1# - MAIN ENTRY--PERSONAL NAME | |
| Personal name | Morrison, Robert Thornton, |
| Dates associated with a name | 1918- |
| 245 10 - TITLE STATEMENT | |
| Title | Organic chemistry |
| Statement of responsibility, etc | [by] Robert Thornton Morrison [and] Robert Neilson Boyd. |
| 250 ## - EDITION STATEMENT | |
| Edition statement | 3d ed. |
| 260 ## - PUBLICATION, DISTRIBUTION, ETC. (IMPRINT) | |
| Place of publication, distribution, etc | Boston, |
| Name of publisher, distributor, etc | Allyn and Bacon |
| Date of publication, distribution, etc | [1973] |
| 300 ## - PHYSICAL DESCRIPTION | |
| Pagination | ix, 1258 p. |
| Other physical details | illus. |
| Dimensions | 25 cm. |
| 504 ## - BIBLIOGRAPHY, ETC. NOTE | |
| Bibliography, etc | Bibliography: p. 1185-1191. |
| 650 #0 - SUBJECT ADDED ENTRY--TOPICAL TERM | |
| Topical term or geographic name as entry element | Chemistry, Organic. |
| 700 1# - ADDED ENTRY--PERSONAL NAME | |
| Personal name | Boyd, Robert Neilson. |
| 942 ## - ADDED ENTRY ELEMENTS (KOHA) | |
| Source of classification or shelving scheme | Dewey Decimal Classification |
| Koha item type | Books |
| Koha issues (borrowed), all copies | 4 |
| Source of classification or shelving scheme | Damaged status | Not for loan | Home library | Current library | Shelving location | Total Checkouts | Full call number | Barcode | Date last seen | Date checked out | Copy number | Koha item type |
|---|---|---|---|---|---|---|---|---|---|---|---|---|
| Dewey Decimal Classification | JCC Rouf Library | JCC Rouf Library | General Stacks | 2 | 547 MOR 1973 | 10950 | 09/06/2022 | 08/02/2022 | C - 1 | Books |